[Event "FIDE World Uni Rapid-E 1st"]
[Site "Tornelo INT"]
[Date "2021.03.21"]
[Round "11"]
[White "Mentchikov, Mikhail"]
[Black "Bahamondes Cepeda, Jose Patricio"]
[Result "0-1"]
[WhiteElo "1907"]
[BlackElo "1893"]
[PlyCount "134"]
[EventDate "2021.03.20"]
[EventType "swiss (rapid)"]
[EventRounds "12"]
[EventCountry "NET"]
[SourceTitle "EXT 2022"]
[Source "ChessBase"]
[SourceDate "2021.10.06"]
[SourceVersion "1"]
[SourceVersionDate "2021.10.06"]
[SourceQuality "1"]

1. e4 e5 2. Nf3 Nc6 3. Nc3 Nf6 4. d4 exd4 5. Nxd4 Bb4 6. Nxc6 bxc6 7. Bd3 Qe7 8. 0-0 d6 9. Re1 0-0 10. Bg5 h6 11. Bh4 Qe6 12. h3 a5 13. Bg3 Nd7 14. f4 Nc5 15. f5 Qf6 16. e5 Qg5 17. Qg4 Nxd3 18. cxd3 Bxf5 19. Qxg5 hxg5 20. d4 a4 21. a3 Ba5 22. exd6 cxd6 23. Bxd6 Rfe8 24. Kf2 Bxc3 25. bxc3 Be4 26. g4 Bd5 27. Rab1 f6 28. Rxe8+ Rxe8 29. Rb4 Bb3 30. Rb6 Rc8 31. Ke3 Bc4 32. Kf2 Kf7 33. Rb7+ Kg8 34. Bg3 Kh7 35. h4 gxh4 36. Bxh4 Kg6 37. Kf3 Re8 38. Bg3 Bd5+ 39. Kf2 Re4 40. Ra7 Bb3 41. Ra6 Re6 42. Bf4 Re4 43. Kg3 Re6 44. Ra5 Re1 45. g5 Ra1 46. gxf6 gxf6 47. Bd6 Rc1 48. Bb4 Rc2 49. Ra6 Bd5 50. Rxa4 Rg2+ 51. Kf4 Re2 52. Ra7 Re4+ 53. Kg3 f5 54. Rd7 f4+ 55. Kf2 Re3 56. a4 Rh3 57. Re7 Rh2+ 58. Ke1 f3 59. Kf1 Bc4+ 60. Kg1 Rg2+ 61. Kh1 f2 62. Kxg2 f1Q+ 63. Kg3 Bd5 64. Re5 Qf3+ 65. Kh4 Kf6 66. a5 Be6 67. Rg5 Qh3# 0-1

[Event "FIDE World Uni Rapid-E 1st"]
[Site "Tornelo INT"]
[Date "2021.03.21"]
[Round "8"]
[White "Mentchikov, Mikhail"]
[Black "Easton, Jack R"]
[Result "1-0"]
[WhiteElo "1907"]
[BlackElo "2175"]
[PlyCount "67"]
[EventDate "2021.03.20"]
[EventType "swiss (rapid)"]
[EventRounds "12"]
[EventCountry "NET"]
[SourceTitle "EXT 2022"]
[Source "ChessBase"]
[SourceDate "2021.10.06"]
[SourceVersion "1"]
[SourceVersionDate "2021.10.06"]
[SourceQuality "1"]

1. e4 c5 2. c4 Nc6 3. Nc3 d6 4. g3 g6 5. Bg2 Bg7 6. Nge2 Nh6 7. h3 0-0 8. 0-0 f5 9. d3 Nf7 10. f4 Nd4 11. Nxd4 Bxd4+ 12. Kh2 Kh8 13. Bd2 Bg7 14. Rb1 Bd7 15. a3 a5 16. Qe1 Bc6 17. Nd5 e6 18. Ne3 a4 19. Bc3 Rb8 20. Bxg7+ Kxg7 21. Qc3+ Qf6 22. Qd2 Rfc8 23. g4 Kh8 24. gxf5 gxf5 25. exf5 Bxg2 26. Qxg2 exf5 27. Qd5 Nh6 28. Rg1 Rg8 29. Rxg8+ Rxg8 30. Rg1 Qxb2+ 31. Rg2 Rxg2+ 32. Nxg2 Qxa3 33. Qxd6 Nf7 34. Qf8# 1-0

[Event "FIDE World Uni Rapid-E 1st"]
[Site "Tornelo INT"]
[Date "2021.03.20"]
[Round "3"]
[White "Mentchikov, Mikhail"]
[Black "Priasmoro, Novendra"]
[Result "0-1"]
[WhiteElo "1907"]
[BlackElo "2502"]
[PlyCount "56"]
[EventDate "2021.03.20"]
[EventType "swiss (rapid)"]
[EventRounds "12"]
[EventCountry "NET"]
[SourceTitle "EXT 2022"]
[Source "ChessBase"]
[SourceDate "2021.10.06"]
[SourceVersion "1"]
[SourceVersionDate "2021.10.06"]
[SourceQuality "1"]

1. e4 c5 2. c4 Nc6 3. Nc3 g6 4. g3 Bg7 5. Bg2 e5 6. Nge2 Nge7 7. 0-0 0-0 8. Rb1 d6 9. d3 f5 10. f4 Rb8 11. Nd5 fxe4 12. dxe4 Bg4 13. fxe5 Nd4 14. Ndc3 Bxe5 15. Be3 Qd7 16. Qd2 Nf3+ 17. Bxf3 Rxf3 18. Rxf3 Bxf3 19. Rf1 Rf8 20. Nf4 Qg4 21. Ncd5 Nc6 22. Qd3 g5 23. Ng2 Bxe4 24. Rxf8+ Kxf8 25. Qf1+ Kg7 26. b3 Nd4 27. Bxd4 Bxd4+ 28. Nde3 Bxg2 0-1

[Event "FIDE World Uni Blitz-B 1st"]
[Site "Tornelo INT"]
[Date "2021.03.13"]
[Round "5.29"]
[White "Amaro Alfonso, Raynner"]
[Black "Mentchikov, Mikhail"]
[Result "0-1"]
[WhiteElo "2186"]
[BlackElo "1907"]
[PlyCount "112"]
[EventDate "2021.03.13"]
[EventType "swiss (blitz)"]
[EventRounds "10"]
[EventCountry "NET"]
[SourceTitle "EXT 2022"]
[Source "ChessBase"]
[SourceDate "2021.10.06"]
[SourceVersion "1"]
[SourceVersionDate "2021.10.06"]
[SourceQuality "1"]

1. d4 Nf6 2. Nf3 d5 3. Bf4 Bf5 4. e3 e6 5. Bd3 Bg6 6. 0-0 Be7 7. Ne5 Nbd7 8. Nxg6 hxg6 9. h3 Bd6 10. Bxd6 cxd6 11. c4 dxc4 12. Bxc4 Rc8 13. Qb3 Qb6 14. Nc3 d5 15. Bb5 a6 16. Ba4 Ke7 17. Qa3+ Qd6 18. Qxd6+ Kxd6 19. Rfc1 b5 20. Bc2 Nb6 21. Bd3 Nc4 22. b3 Na3 23. Kf1 Rc7 24. Ke2 Rhc8 25. Kd2 Nd7 26. Ne2 a5 27. Rxc7 Rxc7 28. h4 b4 29. Rh1 Ke7 30. h5 gxh5 31. Rxh5 Rb7 32. Rh8 Nf8 33. Kc1 Nb5 34. Kb2 Nd6 35. g4 Ne8 36. g5 Nd6 37. Ng3 Rc7 38. Nh5 Ne8 39. Rg8 g6 40. Ng3 Rc3 41. Bc2 Nd6 42. Ne2 Rc7 43. f3 Nb5 44. Bd3 Nc3 45. Nxc3 Rxc3 46. Be2 Rxe3 47. Bd1 Rd3 48. Kc2 Rxd4 49. Rh8 Rf4 50. Rh1 Rf5 51. Rg1 e5 52. Kd2 Ne6 53. Be2 Rxg5 54. Rc1 Nd4 55. Ke3 Nxe2 56. Kxe2 Rg2+ 0-1

[Event "FIDE World Uni Blitz-B 1st"]
[Site "Tornelo INT"]
[Date "2021.03.13"]
[Round "9.30"]
[White "Bernardo, Darry"]
[Black "Mentchikov, Mikhail"]
[Result "0-1"]
[WhiteElo "2114"]
[BlackElo "1907"]
[PlyCount "74"]
[EventDate "2021.03.13"]
[EventType "swiss (blitz)"]
[EventRounds "10"]
[EventCountry "NET"]
[SourceTitle "EXT 2022"]
[Source "ChessBase"]
[SourceDate "2021.10.06"]
[SourceVersion "1"]
[SourceVersionDate "2021.10.06"]
[SourceQuality "1"]

1. e4 c5 2. Nc3 e5 3. g3 Nc6 4. Bg2 g6 5. Nge2 Bg7 6. d3 Nge7 7. Be3 d6 8. Qd2 Nd4 9. h3 0-0 10. f4 f5 11. 0-0 Nec6 12. Kh2 Be6 13. Ng1 Qd7 14. Nd1 Rae8 15. c3 Nb5 16. Nf3 fxe4 17. dxe4 Bc4 18. Re1 exf4 19. Bxf4 d5 20. b3 Bxb3 21. axb3 d4 22. c4 Nc7 23. Nc3 Ne6 24. Nd5 Nxf4 25. gxf4 a6 26. Qf2 Ne7 27. Qg3 b5 28. Rxa6 bxc4 29. bxc4 Nxd5 30. exd5 d3 31. Ne5 Qb7 32. Re6 d2 33. Rd1 Qb2 34. Qe3 Rxe6 35. dxe6 Rxf4 36. Rxd2 Qxe5 37. Qxe5 Bxe5 0-1

[Event "FIDE World Uni Blitz-B 1st"]
[Site "Tornelo INT"]
[Date "2021.03.13"]
[Round "10.20"]
[White "Mentchikov, Mikhail"]
[Black "Kiolbasa, Oliwia"]
[Result "0-1"]
[WhiteElo "1907"]
[BlackElo "2255"]
[PlyCount "86"]
[EventDate "2021.03.13"]
[EventType "swiss (blitz)"]
[EventRounds "10"]
[EventCountry "NET"]
[SourceTitle "EXT 2022"]
[Source "ChessBase"]
[SourceDate "2021.10.06"]
[SourceVersion "1"]
[SourceVersionDate "2021.10.06"]
[SourceQuality "1"]

1. e4 e5 2. Nf3 Nc6 3. Nc3 Nf6 4. d4 exd4 5. Nxd4 Bb4 6. Nxc6 bxc6 7. Bd3 0-0 8. 0-0 d5 9. exd5 cxd5 10. Bg5 c6 11. Qf3 Bd6 12. h3 Rb8 13. Rab1 Re8 14. Ne2 h6 15. Bxf6 Qxf6 16. Qxf6 gxf6 17. Nd4 c5 18. Nf5 Bf8 19. c3 c4 20. Bc2 Re2 21. Nd4 Rd2 22. b3 Bc5 23. Rfd1 Rxd1+ 24. Rxd1 Be6 25. b4 Bxd4 26. Rxd4 a5 27. a3 axb4 28. axb4 Ra8 29. Rf4 Ra2 30. Bf5 Kg7 31. Rg4+ Kf8 32. Rf4 Ke7 33. Bg4 Ra3 34. Rf3 Ra1+ 35. Kh2 Rc1 36. Kg3 Rc2 37. Kf4 Kd6 38. h4 Rb2 39. h5 Rb3 40. Bf5 d4 41. Bxe6 fxe6 42. cxd4 c3 43. Re3 c2 0-1

[Event "Perm op 06"]
[Site "Perm"]
[Date "2010.06.29"]
[Round "8"]
[White "Mentchikov, Mikhail"]
[Black "Ignashevich, Anna"]
[Result "1/2-1/2"]
[WhiteElo "1713"]
[BlackElo "1773"]
[PlyCount "99"]
[EventDate "2010.06.21"]
[EventType "swiss"]
[EventRounds "9"]
[EventCountry "RUS"]
[SourceTitle "CBM 137 Extra"]
[Source "ChessBase"]
[SourceDate "2010.09.01"]
[SourceVersion "1"]
[SourceVersionDate "2010.09.01"]
[SourceQuality "1"]

1. e4 c5 2. c3 Nf6 3. d3 e6 4. Nf3 d5 5. e5 Nfd7 6. d4 Nc6 7. a3 f6 8. Bf4 fxe5 9. dxe5 Be7 10. Bd3 0-0 11. Bg3 Rxf3 12. Qxf3 Ncxe5 13. Bxe5 Nxe5 14. Bxh7+ Kxh7 15. Qh5+ Kg8 16. Qxe5 Bd6 17. Qh5 Bd7 18. 0-0 Qb6 19. b4 Rf8 20. Ra2 Rf5 21. Qd1 Qd8 22. h3 Qf6 23. Re2 Bb5 24. Rfe1 Bxe2 25. Rxe2 Re5 26. Nd2 Qf4 27. Nf3 Rxe2 28. Qxe2 Qc1+ 29. Qe1 Qxe1+ 30. Nxe1 cxb4 31. cxb4 Kf7 32. Kf1 e5 33. Ke2 Ke6 34. f3 e4 35. Ke3 Bg3 36. Nc2 Ke5 37. fxe4 Bf4+ 38. Kd3 dxe4+ 39. Ke2 g5 40. Ne3 Kd4 41. Nf5+ Kc4 42. g3 Bc1 43. Nd6+ Kd5 44. Nxb7 Bxa3 45. b5 Be7 46. Ke3 Bf6 47. Na5 Bd4+ 48. Ke2 Bb6 49. Nb3 Bc7 50. h4 1/2-1/2

[Event "Perm op 06"]
[Site "Perm"]
[Date "2010.06.28"]
[Round "7"]
[White "Koskova, Galina"]
[Black "Mentchikov, Mikhail"]
[Result "1-0"]
[WhiteElo "1932"]
[BlackElo "1713"]
[PlyCount "77"]
[EventDate "2010.06.21"]
[EventType "swiss"]
[EventRounds "9"]
[EventCountry "RUS"]
[SourceTitle "CBM 137 Extra"]
[Source "ChessBase"]
[SourceDate "2010.09.01"]
[SourceVersion "1"]
[SourceVersionDate "2010.09.01"]
[SourceQuality "1"]

1. e4 e6 2. d4 d5 3. Nc3 Bb4 4. e5 Bd7 5. a3 Be7 6. Be3 b6 7. h4 c5 8. Qg4 Kf8 9. h5 Nh6 10. Bxh6 gxh6 11. f4 cxd4 12. Nce2 Nc6 13. Nf3 Rg8 14. Qh3 f5 15. Nfxd4 Na5 16. b3 Rc8 17. Qd3 Kf7 18. Rg1 Qf8 19. g4 Rxg4 20. Rxg4 fxg4 21. Qxh7+ Qg7 22. Qd3 Rc7 23. Bg2 Nb7 24. b4 Rc4 25. Kd2 a5 26. c3 Ke8 27. Rg1 Qf7 28. Qg6 Qxg6 29. hxg6 Kf8 30. f5 Bg5+ 31. Kd3 Nd8 32. fxe6 Be8 33. Bxd5 Rc8 34. Be4 axb4 35. axb4 Kg7 36. Nf5+ Kg8 37. Nd6 Rb8 38. Nxe8 Nxe6 39. Nf6+ 1-0

[Event "Perm op 06"]
[Site "Perm"]
[Date "2010.06.23"]
[Round "3"]
[White "Goldshtein, Grigory"]
[Black "Mentchikov, Mikhail"]
[Result "0-1"]
[WhiteElo "2154"]
[BlackElo "1713"]
[PlyCount "73"]
[EventDate "2010.06.21"]
[EventType "swiss"]
[EventRounds "9"]
[EventCountry "RUS"]
[SourceTitle "CBM 137 Extra"]
[Source "ChessBase"]
[SourceDate "2010.09.01"]
[SourceVersion "1"]
[SourceVersionDate "2010.09.01"]
[SourceQuality "1"]

1. d4 Nf6 2. c4 c5 3. d5 e5 4. Nc3 d6 5. e4 Be7 6. Be2 0-0 7. Be3 Ne8 8. f4 exf4 9. Bxf4 Bg5 10. Qd2 Bxf4 11. Qxf4 Nd7 12. 0-0-0 Ne5 13. g4 Nf6 14. h3 a6 15. Kb1 Rb8 16. Nf3 Nfd7 17. Rc1 Nxf3 18. Qxf3 Ne5 19. Qg2 Bd7 20. Rhd1 b5 21. cxb5 axb5 22. Ka1 Qa5 23. Bf1 Rfe8 24. Re1 Re7 25. Nb1 Bc8 26. Re3 Ba6 27. Nd2 Qb6 28. Ree1 Rbe8 29. Nf3 Bb7 30. Nd2 c4 31. Nb1 Nd7 32. Re2 Nc5 33. Nd2 Qa7 34. Qf3 Ra8 35. a3 Nd7 36. Qe3 Qxe3 37. Rxe3 0-1

[Event "Perm op 02"]
[Site "Perm"]
[Date "2010.03.03"]
[Round "4"]
[White "Fedotova, Asia P"]
[Black "Mentchikov, Mikhail"]
[Result "0-1"]
[WhiteElo "2014"]
[BlackElo "2158"]
[PlyCount "62"]
[EventDate "2010.02.27"]
[EventType "swiss"]
[EventRounds "9"]
[EventCountry "RUS"]
[SourceTitle "EXT 2011"]
[Source "ChessBase"]
[SourceDate "2010.11.26"]
[SourceVersion "1"]
[SourceVersionDate "2010.11.26"]
[SourceQuality "1"]

1. d4 d5 2. c4 c6 3. cxd5 cxd5 4. Nc3 Nf6 5. Bf4 Nc6 6. e3 Bf5 7. Nge2 e6 8. Ng3 Bg6 9. Bd3 Bd6 10. Bxd6 Qxd6 11. 0-0 0-0 12. Bxg6 hxg6 13. Rc1 Rfc8 14. Qe2 a6 15. b3 b5 16. Qd2 Rc7 17. Nge2 Rac8 18. Nf4 e5 19. dxe5 Nxe5 20. Rfd1 Kf8 21. h3 g5 22. Nd3 Nxd3 23. Qxd3 Qe5 24. Ne2 Rxc1 25. Rxc1 Rxc1+ 26. Nxc1 Qb2 27. Qf1 g4 28. h4 Ne4 29. Nd3 Qxa2 30. Nb4 Qxb3 31. Nxa6 g3 0-1

[Event "Perm op 02"]
[Site "Perm"]
[Date "2010.03.02"]
[Round "3"]
[White "Mentchikov, Mikhail"]
[Black "Bychenkova, Sonia"]
[Result "0-1"]
[WhiteElo "2158"]
[BlackElo "1815"]
[PlyCount "34"]
[EventDate "2010.02.27"]
[EventType "swiss"]
[EventRounds "9"]
[EventCountry "RUS"]
[SourceTitle "EXT 2011"]
[Source "ChessBase"]
[SourceDate "2010.11.26"]
[SourceVersion "1"]
[SourceVersionDate "2010.11.26"]
[SourceQuality "1"]

1. e4 e6 2. d4 d5 3. Nc3 Bb4 4. e5 c5 5. a3 Bxc3+ 6. bxc3 Nc6 7. Qg4 Nge7 8. Nf3 Ng6 9. Bd3 cxd4 10. cxd4 f5 11. 0-0 fxg4 12. Ng5 0-0 13. h3 Nxd4 14. hxg4 Qc7 15. f4 Nxc2 16. Bd2 Nxa1 17. Rxa1 Qc5+ 0-1

[Event "Perm op-B 01"]
[Site "Perm"]
[Date "2010.01.24"]
[Round "4"]
[White "Drozdov, Alexander"]
[Black "Mentchikov, Mikhail"]
[Result "0-1"]
[WhiteElo "1748"]
[BlackElo "1753"]
[PlyCount "68"]
[EventDate "2010.01.21"]
[EventType "swiss"]
[EventRounds "9"]
[EventCountry "RUS"]
[SourceTitle "EXT 2012"]
[Source "ChessBase"]
[SourceDate "2011.11.24"]
[SourceVersion "1"]
[SourceVersionDate "2011.11.24"]
[SourceQuality "1"]

1. d4 Nf6 2. c4 e6 3. Nc3 Bb4 4. Nf3 b6 5. e3 Bb7 6. Be2 0-0 7. 0-0 d6 8. Qc2 Nbd7 9. Nd2 Bxc3 10. bxc3 e5 11. e4 Re8 12. d5 Nc5 13. Ba3 Nfd7 14. f4 exf4 15. Rxf4 Qg5 16. Raf1 Nf6 17. Bxc5 bxc5 18. Qd3 h5 19. R1f3 h4 20. Rf5 Qg6 21. Qe3 Ng4 22. Qf4 Ne5 23. Rh3 Bc8 24. Bh5 Qh6 25. Qxh6 gxh6 26. Rxh4 Bxf5 27. exf5 Rab8 28. Ne4 Rb1+ 29. Kf2 Kg7 30. f6+ Kg8 31. Be2 Rb2 32. Ke3 Ng6 33. Rg4 h5 34. Rg5 Rxe2+ 0-1

[Event "Perm op 07"]
[Site "Perm"]
[Date "2009.07.30"]
[Round "8"]
[White "Karpenko, Alexander"]
[Black "Mentchikov, Mikhail"]
[Result "1/2-1/2"]
[WhiteElo "2166"]
[BlackElo "2079"]
[PlyCount "62"]
[EventDate "2009.07.21"]
[EventType "swiss"]
[EventRounds "9"]
[EventCountry "RUS"]
[SourceTitle "EXT 2012"]
[Source "ChessBase"]
[SourceDate "2011.11.24"]
[SourceVersion "1"]
[SourceVersionDate "2011.11.24"]
[SourceQuality "1"]

1. d4 d5 2. c4 c6 3. Nf3 Nf6 4. Nc3 dxc4 5. a4 e6 6. e3 c5 7. Bxc4 Nc6 8. 0-0 cxd4 9. exd4 Be7 10. d5 exd5 11. Nxd5 Nxd5 12. Bxd5 Nb4 13. Bb3 Qxd1 14. Rxd1 Bg4 15. Bd2 Bxf3 16. gxf3 Nc6 17. Bc3 0-0 18. Rd7 Rab8 19. Re1 Bb4 20. Bxb4 Nxb4 21. Ree7 Nc6 22. Rxf7 Rxf7 23. Rxf7 Kh8 24. Bd5 h6 25. Bxc6 bxc6 26. Rxa7 Rxb2 27. Rc7 Ra2 28. Rxc6 Rxa4 29. Rg6 Rf4 30. Kg2 Kh7 31. Rg4 Rf7 1/2-1/2

[Event "Perm op 07"]
[Site "Perm"]
[Date "2009.07.27"]
[Round "5"]
[White "Mentchikov, Mikhail"]
[Black "Vshivtsev, Valery"]
[Result "0-1"]
[WhiteElo "2193"]
[BlackElo "2114"]
[PlyCount "42"]
[EventDate "2009.07.21"]
[EventType "swiss"]
[EventRounds "9"]
[EventCountry "RUS"]
[SourceTitle "EXT 2012"]
[Source "ChessBase"]
[SourceDate "2011.11.24"]
[SourceVersion "1"]
[SourceVersionDate "2011.11.24"]
[SourceQuality "1"]

1. c4 e5 2. Nc3 d6 3. g3 g6 4. Bg2 Bg7 5. e4 Ne7 6. Nge2 Nbc6 7. d3 0-0 8. 0-0 Kh8 9. f4 f5 10. Rb1 fxe4 11. Nxe4 h6 12. a3 Nf5 13. Bd2 Nfd4 14. Bc3 Bg4 15. Bxd4 Nxd4 16. N4c3 exf4 17. Rxf4 Rxf4 18. gxf4 Qe7 19. Be4 c6 20. Qd2 d5 21. Bxg6 Nf3+ 0-1

[Event "Perm op 07"]
[Site "Perm"]
[Date "2009.07.23"]
[Round "3"]
[White "Losev, Anatoly"]
[Black "Mentchikov, Mikhail"]
[Result "0-1"]
[WhiteElo "2061"]
[BlackElo "1877"]
[PlyCount "36"]
[EventDate "2009.07.21"]
[EventType "swiss"]
[EventRounds "9"]
[EventCountry "RUS"]
[SourceTitle "EXT 2012"]
[Source "ChessBase"]
[SourceDate "2011.11.24"]
[SourceVersion "1"]
[SourceVersionDate "2011.11.24"]
[SourceQuality "1"]

1. e4 c5 2. Be2 Nc6 3. Nf3 Nf6 4. e5 Nd5 5. 0-0 e6 6. Nc3 Nxc3 7. dxc3 Be7 8. Be3 d6 9. exd6 Qxd6 10. Qxd6 Bxd6 11. Rad1 Ke7 12. Ng5 f5 13. Rd2 h6 14. Nh3 b6 15. Rfd1 Rd8 16. Bf3 Bb7 17. Nf4 g5 18. Ne2 f4 0-1

[Event "Perm op2 06"]
[Site "Perm"]
[Date "2009.07.04"]
[Round "7"]
[White "Mentchikov, Mikhail"]
[Black "Shalaumov, Pavel"]
[Result "0-1"]
[WhiteElo "1626"]
[BlackElo "1984"]
[PlyCount "70"]
[EventDate "2009.06.26"]
[EventType "swiss"]
[EventRounds "9"]
[EventCountry "RUS"]
[SourceTitle "CBM 131 Extra"]
[Source "ChessBase"]
[SourceDate "2009.09.03"]
[SourceVersion "2"]
[SourceVersionDate "2009.09.16"]
[SourceQuality "1"]

1. c4 Nf6 2. Nc3 g6 3. e4 d6 4. g3 Bg7 5. Bg2 0-0 6. Nge2 Nc6 7. 0-0 Ne8 8. d3 f5 9. f4 Nd4 10. Nxd4 Bxd4+ 11. Kh1 c6 12. Ne2 Bg7 13. Rb1 e5 14. Be3 Nf6 15. b4 fxe4 16. dxe4 Be6 17. fxe5 dxe5 18. Qc2 Qc7 19. Rbd1 Rad8 20. Rxd8 Rxd8 21. Bg5 Rf8 22. c5 Ng4 23. Rxf8+ Bxf8 24. Kg1 Qf7 25. Nc3 Qd7 26. Ne2 Qf7 27. Nc3 a5 28. a3 axb4 29. axb4 b6 30. cxb6 Bxb4 31. Bd8 Bc5+ 32. Kh1 Nf2+ 33. Kg1 Nxe4+ 34. Kh1 Qf2 35. Ne2 Qe1+ 0-1

[Event "Perm op 06"]
[Site "Perm"]
[Date "2009.06.11"]
[Round "4"]
[White "Antonov, Andrey P"]
[Black "Mentchikov, Mikhail"]
[Result "1-0"]
[WhiteElo "2033"]
[BlackElo "1752"]
[PlyCount "33"]
[EventDate "2009.06.09"]
[EventType "swiss"]
[EventRounds "8"]
[EventCountry "RUS"]
[SourceTitle "EXT 2022"]
[Source "ChessBase"]
[SourceDate "2021.10.06"]
[SourceVersion "1"]
[SourceVersionDate "2021.10.06"]
[SourceQuality "1"]

1. e4 d5 2. exd5 Nf6 3. Bb5+ Bd7 4. Bc4 Bg4 5. f3 Bf5 6. Nc3 Nbd7 7. g4 Bg6 8. g5 Nb6 9. Bb5+ Nfd7 10. d3 a6 11. Bc4 f6 12. Qe2 fxg5 13. Bxg5 Nf6 14. Bxf6 gxf6 15. Ne4 Nxd5 16. Bxd5 Qxd5 17. Nxf6+ 1-0

[Event "Perm op2 01"]
[Site "Perm"]
[Date "2009.01.12"]
[Round "5"]
[White "Anikina, Maria"]
[Black "Mentchikov, Mikhail"]
[Result "1-0"]
[WhiteElo "2185"]
[BlackElo "2028"]
[PlyCount "71"]
[EventDate "2009.01.12"]
[EventType "swiss"]
[EventRounds "8"]
[EventCountry "RUS"]
[SourceTitle "EXT 2022"]
[Source "ChessBase"]
[SourceDate "2021.10.06"]
[SourceVersion "1"]
[SourceVersionDate "2021.10.06"]
[SourceQuality "1"]

1. c4 c5 2. Nc3 Nc6 3. g3 g6 4. Bg2 Bg7 5. e4 a6 6. Nge2 b6 7. 0-0 Bb7 8. d3 e6 9. f4 Nge7 10. Be3 f5 11. e5 Qc7 12. d4 cxd4 13. Nxd4 Nxd4 14. Qxd4 Bxg2 15. Kxg2 Rb8 16. Rad1 g5 17. Qd6 Qb7+ 18. Kf2 Ng6 19. Rg1 Bf8 20. Qd2 Rc8 21. Na4 gxf4 22. gxf4 b5 23. Nb6 Rc7 24. cxb5 axb5 25. Rg3 Nxf4 26. Nxd7 Rxd7 27. Qxd7+ Qxd7 28. Rxd7 Kxd7 29. Bxf4 Kc6 30. Rc3+ Kd5 31. Kf3 Bc5 32. Rd3+ Kc6 33. a3 Rg8 34. Rc3 Kd5 35. Rc2 Rg1 36. Rxc5+ 1-0

[Event "Perm op2 01"]
[Site "Perm"]
[Date "2009.01.12"]
[Round "2"]
[White "Fotin, Vladimir"]
[Black "Mentchikov, Mikhail"]
[Result "1-0"]
[WhiteElo "2001"]
[BlackElo "1982"]
[PlyCount "59"]
[EventDate "2009.01.12"]
[EventType "swiss"]
[EventRounds "8"]
[EventCountry "RUS"]
[SourceTitle "EXT 2022"]
[Source "ChessBase"]
[SourceDate "2021.10.06"]
[SourceVersion "1"]
[SourceVersionDate "2021.10.06"]
[SourceQuality "1"]

1. e4 c5 2. Nf3 Nc6 3. d4 cxd4 4. Nxd4 g6 5. Nc3 Bg7 6. Be3 Nf6 7. Nxc6 bxc6 8. e5 Ng8 9. f4 e6 10. Ne4 Bf8 11. Nd6+ Bxd6 12. Qxd6 Nh6 13. Bd3 Ng4 14. Bc5 f6 15. h3 Nh6 16. exf6 Qxf6 17. 0-0-0 Nf7 18. Qd4 Qxd4 19. Bxd4 0-0 20. h4 d6 21. Rde1 Bb7 22. Rxe6 c5 23. Bc3 Bxg2 24. Rg1 Bd5 25. Rf6 c4 26. Bf5 Nd8 27. Bxg6 Rxf6 28. Be4+ Kf8 29. Bxd5 Rxf4 30. Bxa8 1-0

[Event "Perm op2 01"]
[Site "Perm"]
[Date "2009.01.12"]
[Round "6"]
[White "Kohanov, Boris"]
[Black "Mentchikov, Mikhail"]
[Result "1-0"]
[WhiteElo "2028"]
[BlackElo "2351"]
[PlyCount "81"]
[EventDate "2009.01.12"]
[EventType "swiss"]
[EventRounds "8"]
[EventCountry "RUS"]
[SourceTitle "EXT 2022"]
[Source "ChessBase"]
[SourceDate "2021.10.06"]
[SourceVersion "1"]
[SourceVersionDate "2021.10.06"]
[SourceQuality "1"]

1. d4 d5 2. c4 c6 3. Nf3 Nf6 4. Nc3 e6 5. e3 Nbd7 6. Qc2 a6 7. b3 b5 8. Bb2 Bb7 9. Be2 b4 10. Nb1 Be7 11. 0-0 0-0 12. Nbd2 c5 13. Rac1 Rc8 14. Rfd1 Qb6 15. Qb1 Rfd8 16. cxd5 exd5 17. dxc5 Bxc5 18. Nd4 Bxd4 19. Bxd4 Qe6 20. Qb2 a5 21. Nf3 h6 22. h3 Ba6 23. Bxa6 Qxa6 24. a3 Rxc1 25. Rxc1 Rc8 26. axb4 Rxc1+ 27. Qxc1 axb4 28. Qc7 Qa8 29. Bxf6 Nxf6 30. Ne5 Qf8 31. Qb7 Ne4 32. Qxd5 Nc3 33. Qc4 Na2 34. Nc6 Qd6 35. Nd4 Qf8 36. Nf5 Nc3 37. Nd4 Na2 38. Nb5 Qb8 39. Nc7 Qf8 40. Nd5 Qd8 41. e4 1-0

[Event "Perm op2 01"]
[Site "Perm"]
[Date "2009.01.12"]
[Round "1"]
[White "Mentchikov, Mikhail"]
[Black "Samigullina, Diana"]
[Result "0-1"]
[WhiteElo "2014"]
[BlackElo "2185"]
[PlyCount "100"]
[EventDate "2009.01.12"]
[EventType "swiss"]
[EventRounds "8"]
[EventCountry "RUS"]
[SourceTitle "EXT 2022"]
[Source "ChessBase"]
[SourceDate "2021.10.06"]
[SourceVersion "1"]
[SourceVersionDate "2021.10.06"]
[SourceQuality "1"]

1. d4 d5 2. Bg5 h6 3. Bh4 c6 4. Nd2 Bf5 5. e3 Nd7 6. Ngf3 Ngf6 7. c4 e6 8. c5 Be7 9. b4 Ne4 10. Nxe4 dxe4 11. Bxe7 Qxe7 12. Nd2 e5 13. Nc4 0-0 14. Nd6 Qg5 15. Nxf5 Qxf5 16. Bc4 Rad8 17. Qc2 exd4 18. exd4 Nf6 19. Rd1 Nd5 20. Bxd5 Rxd5 21. 0-0 Rfd8 22. f3 Rxd4 23. fxe4 Qd7 24. Rxd4 Qxd4+ 25. Qf2 Qxf2+ 26. Rxf2 Rd4 27. a3 Rxe4 28. Rd2 Re7 29. Kf2 f6 30. Kf3 Kf7 31. Kf4 Ke8 32. Kf5 Kf7 33. g3 Re5+ 34. Kf4 Ke7 35. Kf3 b6 36. Rd6 Re6 37. Rd4 bxc5 38. bxc5 Ke8 39. Ra4 Re7 40. Kf4 Kf7 41. Ra6 Rc7 42. Kf5 g6+ 43. Ke4 Ke6 44. Ra4 Rd7 45. Ke3 f5 46. Rh4 h5 47. Ra4 Ke5 48. Ra5 Rb7 49. Ra6 Kd5 50. Kf4 Kxc5 0-1

[Event "Perm op 10"]
[Site "Perm"]
[Date "2007.10.11"]
[Round "7"]
[White "Mentchikov, Mikhail"]
[Black "Paderin, Evgeny"]
[Result "0-1"]
[WhiteElo "2003"]
[BlackElo "2053"]
[PlyCount "30"]
[EventDate "2007.10.03"]
[EventType "swiss"]
[EventRounds "8"]
[EventCountry "RUS"]
[SourceTitle "EXT 2022"]
[Source "ChessBase"]
[SourceDate "2021.10.06"]
[SourceVersion "1"]
[SourceVersionDate "2021.10.06"]
[SourceQuality "1"]

1. d4 Nf6 2. c4 e6 3. Nc3 Bb4 4. e3 c5 5. d5 exd5 6. cxd5 d6 7. Nf3 0-0 8. Be2 Bf5 9. 0-0 Bxc3 10. bxc3 a6 11. Re1 b5 12. Qb3 Nbd7 13. Ba3 Nb6 14. Rad1 Be4 15. Ng5 Bxd5 0-1